00357nam a2200133 a 45000010010000000030011000100080041000210350026000620820014000881000016001022450045001182600032001636500028001950000-8688ELIB.Books110520 1948  a(ELIB.Books)0000-8834 a267 bRou aRouse, Ruth aThe World's student Christian Federation bLondon: S.C.M. Press c1948 aAssociation - Christian